<?xml version="1.0" encoding="UTF-8"?>
<record
    xmlns:xsi="http://www.w3.org/2001/XMLSchema-instance"
    xsi:schemaLocation="http://www.loc.gov/MARC21/slim http://www.loc.gov/standards/marcxml/schema/MARC21slim.xsd"
    xmlns="http://www.loc.gov/MARC21/slim">

  <leader>00560nam a22001097a 4500</leader>
  <datafield tag="040" ind1=" " ind2=" ">
    <subfield code="c">RUA</subfield>
  </datafield>
  <datafield tag="082" ind1=" " ind2=" ">
    <subfield code="a">VEM  PHO 2024  B1.330  Or.1</subfield>
  </datafield>
  <datafield tag="245" ind1=" " ind2=" ">
    <subfield code="a">Case of Escherichia Coli Antibiotic resistance in chicken at khvav  Commune, Samraong District, takeo province, &#x1780;&#x179A;&#x178E;&#x17B8; Escherichia Coli &#x179F;&#x17CA;&#x17B6;&#x17C6;&#x1793;&#x17B9;&#x1784;&#x17B3;&#x179F;&#x1790;&#x17A2;&#x1784;&#x17CB;&#x1791;&#x17B8;&#x1794;&#x17CA;&#x17B8;&#x1799;&#x17C9;&#x17BC;&#x1791;&#x17B7;&#x1780;&#x179B;&#x17BE;&#x1798;&#x17B6;&#x1793;&#x17CB; &#x1793;&#x17C5;&#x1783;&#x17BB;&#x17C6;&#x1781;&#x17D2;&#x179C;&#x17B6;&#x179C; &#x179F;&#x17D2;&#x179A;&#x17BB;&#x1780;&#x179F;&#x17C6;&#x179A;&#x17C4;&#x1784; &#x1781;&#x17C1;&#x178F;&#x17D2;&#x178F;&#x178F;&#x17B6;&#x1780;&#x17C2;&#x179C;&#x200B;&#x200B;&#x200B;</subfield>
  </datafield>
  <datafield tag="260" ind1=" " ind2=" ">
    <subfield code="a">PHNOM PENH</subfield>
    <subfield code="b">RUA</subfield>
    <subfield code="c">2024</subfield>
  </datafield>
  <datafield tag="300" ind1=" " ind2=" ">
    <subfield code="a">ix,</subfield>
    <subfield code="b">ill,</subfield>
    <subfield code="c">2024</subfield>
  </datafield>
  <datafield tag="942" ind1=" " ind2=" ">
    <subfield code="c">VEM</subfield>
  </datafield>
  <datafield tag="999" ind1=" " ind2=" ">
    <subfield code="c">24767</subfield>
    <subfield code="d">24767</subfield>
  </datafield>
  <datafield tag="952" ind1=" " ind2=" ">
    <subfield code="0">0</subfield>
    <subfield code="1">0</subfield>
    <subfield code="4">0</subfield>
    <subfield code="6">VEM_PHO_2024_000000000000000_B1_330_OR_1</subfield>
    <subfield code="7">0</subfield>
    <subfield code="9">104386</subfield>
    <subfield code="a">LBB</subfield>
    <subfield code="b">LBB</subfield>
    <subfield code="c">B1.330</subfield>
    <subfield code="d">2025-04-30</subfield>
    <subfield code="l">2</subfield>
    <subfield code="o">VEM  PHO 2024  B1.330  Or.1</subfield>
    <subfield code="p">A083493</subfield>
    <subfield code="q">2026-07-06</subfield>
    <subfield code="r">2026-05-29</subfield>
    <subfield code="s">2026-05-29</subfield>
    <subfield code="y">VEM</subfield>
  </datafield>
  <datafield tag="952" ind1=" " ind2=" ">
    <subfield code="0">0</subfield>
    <subfield code="1">0</subfield>
    <subfield code="4">0</subfield>
    <subfield code="6">VEM_PHO_2024_000000000000000_B1_330_OR_2</subfield>
    <subfield code="7">0</subfield>
    <subfield code="9">104387</subfield>
    <subfield code="a">LBB</subfield>
    <subfield code="b">LBB</subfield>
    <subfield code="c">B1.330</subfield>
    <subfield code="d">2025-04-30</subfield>
    <subfield code="l">1</subfield>
    <subfield code="o">VEM  PHO 2024  B1.330  Or.2</subfield>
    <subfield code="p">A083508</subfield>
    <subfield code="r">2026-04-02</subfield>
    <subfield code="s">2026-02-24</subfield>
    <subfield code="y">VEM</subfield>
  </datafield>
</record>
